| 000 | 00488nam a22001937a 4500 | ||
|---|---|---|---|
| 005 | 20231117083009.0 | ||
| 008 | 230913b |||||||| |||| 00| 0 eng d | ||
| 020 | _a9781305094505 | ||
| 082 |
_a304.6 _bWEE-P |
||
| 100 | _aWeeks,John R. | ||
| 245 |
_aPopulation : _b An Introduction to Concepts and Issues |
||
| 250 | _a12th.ed | ||
| 260 |
_aUSA _bCengage Learning _c2016 |
||
| 300 | _a580 | ||
| 500 | _aInclude Index | ||
| 650 | _aEconomics | ||
| 700 | _aJohn R.Weeks | ||
| 999 |
_c33528 _d33528 |
||